| 000 | 00758cam a2200253 4500 | ||
|---|---|---|---|
| 008 | 090401t1987 xxu||||| |||| 00| 0 eng d | ||
| 020 | _a0854063420 | ||
| 035 | _a(Sirsi) u44337 | ||
| 041 | _aeng | ||
| 050 | _a658.202 | ||
| 090 | _aRICS 1987/34ABCD | ||
| 110 |
_aRoyal Institution of Chartered Surveyors _bQuantity Surveyors' Division _91263 |
||
| 245 | _aLife cycle costing: a worked example. | ||
| 260 |
_aLondon _bSurveyors Publications _c1987 |
||
| 300 | _a21p. ; 30cm. | ||
| 350 | _a5 | ||
| 490 | _aQuantity Surveyors Guidance Notes | ||
| 520 | _aSee also: Guide to life cycle costing for construction. 1986/23ABCDD. | ||
| 650 | _aGUIDANCE NOTES | ||
| 650 | _aLIFE CYCLE COSTING | ||
| 650 | _aRICS | ||
| 942 | _n0 | ||
| 948 | _c04/03/1997 | ||
| 999 |
_c91494 _d91494 |
||